000 00557nam a2200181Ia 4500
008 100920s9999 xx 000 0 und d
082 _b25815
_a--- 0
100 _aभोसेकर मुरलीधर.
245 _aमी मूर्तीमंत पाप.
260 _b---
_c0
300 _a120
_bसाधी
365 _b5
520 _aकादंबरी.
630 _aमी मूर्तीमंत पाप.
650 _aकादंबरी.
730 _aमी मूर्तीमंत पाप.
942 _cBOOK
999 _c683477
_d683474